| 000 | 00000nam 2200000zi 4500 |
| 001 | 9.943105 |
| 003 | CaOODSP |
| 005 | 20241104143327 |
| 006 | m o d f |
| 007 | cr |n||||||||| |
| 008 | 240911t19761977onc ob f000 0 fre d |
| 020 | |z0660008874 |
| 040 | |aCaOODSP|bfre|erda|cCaOODSP |
| 043 | |an-cn--- |
| 086 | 1 |aZ1-1975/1-41-30F-PDF|zZ1-1975/1-41-30F |
| 100 | 1 |aHimelfarb, Alexander,|d1947- |eauteur. |
| 245 | 10|aCaractéristiques sociales des villes canadiennes bâties autour d'une seule entreprise industrielle : |bune recherche scientifique / |cAlex Himelfarb. |
| 264 | 1|a[Ottawa] : |bApprovisionnements et services Canada, |cseptembre 1976. |
| 264 | 4|c©1977 |
| 300 | |a1 ressource en ligne (40 pages). |
| 336 | |atexte|btxt|2rdacontent/fre |
| 337 | |ainformatique|bc|2rdamedia/fre |
| 338 | |aressource en ligne|bcr|2rdacarrier/fre |
| 490 | 1 |aÉtude - Commission royale d'enquête sur les groupements de sociétés ; |vno. 30 |
| 500 | |aPublié aussi en anglais sous le titre : The social characteristics of one-industry towns in Canada : a background report. |
| 500 | |aÉdition numérisée de l'imprimée [par Direction des publications du Gouvernement du Canada]. |
| 504 | |aComprend des références bibliographiques. |
| 650 | 6|aVilles fermées|xAspect social|zCanada. |
| 710 | 1 |aCanada. |bCommission royale d'enquête sur les groupements de sociétés, |eorganisme de publication. |
| 775 | 08|tThe social characteristics of one-industry towns in Canada : |w(CaOODSP)9.894535 |
| 830 | #0|aÉtude / Commission royale d'enquête sur les groupements de sociétés ;|vno. 30. |w(CaOODSP)9.942876 |
| 856 | 40|qPDF|s3688 Ko|uhttps://publications.gc.ca/collections/collection_2024/bcp-pco/Z1-1975-1-41-30-fra.pdf |